LEADER 01311nam a2200253 u 4500 001 000000079147 003 CaOOAMICUS 005 20070226123516.0 008 040526s2002 it u000 u ita u 020 $a8834824423 035 $a10996906 040 $aPUL$bita 100 1 $aBotta, Raffaele.$0(OLS)http://pul/name/25048 245 10$aTutela del sentimento religioso ed appartenenza confessionale nella società globale :$blezioni di diritto ecclesiastico per il triennio con appendice bibliografica e normativa /$cRaffaele Botta. 260 $aTorino :$bGiappichelli,$cc2002. 300 $axii, 342 p. ;$c24 cm 504 $aBibliografia in appendice. 650 4$aDiritto ecclesiastico$xCritica e interpretazione.$0(OLS)http://pul/subject/20127 850 $aPUL 852 $aPUL$W1$xSL Diritto e Scienze Sociali 3$y79$m342. 450852 BOTRA 1$j119814$nBK-PRI$qDDC 21$B101348$CPULBib$Z2$F101348 $H91035 $82 941 1 $a9 996 $6020$a8834824423$9(OLS)http://pul/number/103895 996 $6245$aTutela del sentimento religioso ed appartenenza confessionale nella società globale :$blezioni di diritto ecclesiastico per il triennio con appendice bibliografica e normativa$9(OLS)http://pul/title/103609 996 $6260$aTorino :$bGiappichelli$9(OLS)http://pul/publisher/48244 LEADER 01371nam a2200277 u 4500 001 000000078466 003 CaOOAMICUS 005 20070226123431.0 008 040430s1990 it u000 u ita u 035 $a10992717 040 $aPUL(R)$bita 100 1 $aNegro, Donato.$0(OLS)http://pul/name/52234 245 12$aL'educazione ai valori e il problema etico-religioso nell'antropologia di E. Fromm /$cDonato Negro. 260 $aRoma :$bPontificia Università Lateranense,$c1990. 300 $a180 p. ;$c24 cm 490 1 $aPontificia Universitas Lateranensis. Theses ad doctoratum in s. theologia 502 $aDiss. -- Pontificia Università Lateranense. 504 $aBibliografia in nota. 600 14$aFromm, Erich,$d1900-1980.$0(OLS)http://pul/subject/27344 650 4$aReligione e etica.$0(OLS)http://pul/subject/23190 830 0$aTheses ad doctoratum in s. theologia (Pontificia Università Lateranense).$0(OLS)http://pul/title/346 850 $aPUL 852 $aPUL$W1$xDP1 Tesi Pon Univ. Lateranense$y41$mTH PUL.THEOL 548$j100631$nBK-PRI$b $qTesi$B100631$CPULBib$Z2$F100631 $HPUL66151 $81 941 1 $a16 996 $6245$aL'educazione ai valori e il problema etico-religioso nell'antropologia di E. Fromm$9(OLS)http://pul/title/102792 996 $6260$aRoma :$bPontificia Università Lateranense$9(OLS)http://pul/publisher/47963